Estudios sobre el Cd̤igo Penal Reformado (Leyes Orgǹicas 1/2015 y 2/2015)

Bibliographic Details
Main Author: Morillas Cueva, Lorenzo
Format: Book
Language:Spanish
Published: Madrid Dykinson 2015
Subjects:
Online Access:Acceso restringido

MARC

LEADER 00000nam a22000007a 4500
005 20160520132027.0
007 cr|||| ||u|
008 160520s2015 sp ||||| |||| 00||0 spa d
020 |a 978-84-9085-453-2 
035 |a 14243 
040 |a vLex  
090 |c 6117  |d 6117 
100 1 |a Morillas Cueva, Lorenzo  
245 1 0 |a  Estudios sobre el Cd̤igo Penal Reformado (Leyes Orgǹicas 1/2015 y 2/2015)  |h [Recurso electrn̤ico] /  |c Lorenzo Morillas Cueva  
256 |a Servicio en ln̕ea  
260 |a Madrid  |b Dykinson  |c 2015 
300 |a 1 recurso electrn̤ico  
506 1 |a Contenido solo disponible en los productos indicados  |d vLex Global  |d vLex Global (Academic Edition, excluding Law Schools)  |d vLex Global (U.S. Academic Edition, Law Schools)  |d vLex Global (U.S. Academic Edition, excluding Law Schools)  |d vLex Global (Academic Edition, Law Schools) 
650 0 4 |2 Derecho Penal  |z Madrid 
740 0 |a vLex libros (servicio en ln̕ea)  
856 4 0 |u http://vlex.com/source/estudios-codigo-penal-reformado-14243  |z Acceso restringido  
942 |c BOOK 
999 0 |a Criminal Law  |b Madrid